[Event "I IRT Mem Mauricio Maghelly - ALEX 2023"]
[Site "?"]
[Date "2023.01.31"]
[Round "2.6"]
[White "De Oliveira, Sergio Patricio"]
[Black "Leite, Tarcisio Dantas Fro"]
[Result "0-1"]
[WhiteElo "1622"]
[BlackElo "1506"]
[PlyCount "100"]
[EventDate "2023.??.??"]

{[%evp 9,100,0,33,31,32,21,45,41,60,-3,0,-57,-50,-58,-53,-100,-27,-89,-55,-82,
-33,-98,-76,-119,-111,-119,-122,-149,-150,-150,-111,-96,-97,-107,-93,-106,-105,
-118,-88,-102,-113,-112,-75,-120,-126,-141,-98,-129,-122,-287,-191,-188,-185,
-196,-188,-427,-247,-376,-307,-313,-319,-528,-285,-342,-275,-305,-306,-352,
-325,-444,-339,-310,-247,-443,-445,-604,-603,-606,-608,-663,-601,-701,-673,
-731,-692,-831,-801,-1240,-1118,-1250,-1262,-29991,-29992]} 1. c4 {[%emt 0:12:
16]} Nf6 {[%emt 0:12:16]} 2. b3 {[%emt 0:00:10]} g6 {[%emt 0:00:15]} 3. Bb2 {
[%emt 0:00:04]} Bg7 {[%emt 0:00:08]} 4. g3 {[%emt 0:00:12]} O-O {[%emt 0:00:11]
} 5. Bg2 {[%emt 0:00:11]} c6 {[%eval 33,27] [%wdl 40,959,1] [%emt 0:00:09]} (
5... d6 $11 {[%eval 0,28] [%wdl 7,985,8] might be stronger.}) 6. Nf3 $14 {
[%emt 0:00:06] A15: English Opening: 1...Nf6.} a5 {[%emt 0:00:22]} 7. Nc3 {
[%emt 0:00:36]} Na6 {[%emt 0:00:11]} 8. O-O {[%emt 0:00:23] White is slightly
better.} Rb8 $146 {[%emt 0:00:06]} ({Predecessor:} 8... d5 9. d4 Ne4 10. cxd5
Nxc3 11. Bxc3 cxd5 12. Qd2 a4 13. bxa4 Nb8 14. Qd1 Qd7 {1-0 (46) Burmakin,V 
(2592)-Oliva Castaneda,K (2427) Montcada 2014}) 9. a4 {[%eval -3,26] [%wdl 5,
987,8] [%emt 0:01:06]} (9. d4 $14 {[%eval 60,28] [%wdl 134,866,0]}) 9... d6 $11
{[%emt 0:00:46]} 10. Qc2 {[%eval -57,29] [%wdl 0,888,112] [%emt 0:00:07]} (10.
d4 $11 {[%eval 0,30] [%wdl 6,988,6]}) 10... Nb4 {[%emt 0:00:51]} 11. Qb1 {
[%emt 0:00:55]} e5 {[%emt 0:03:27]} 12. e4 {[%eval -100,29] [%wdl 0,461,539] 
[%emt 0:00:16]} (12. Na2 $15 {[%eval -53,29] [%wdl 0,910,90] feels stronger.})
12... Nh5 {[%eval -27,28] [%wdl 1,975,24] [%emt 0:04:31]} (12... Nd7 $17 {
[%eval -100,29] [%wdl 0,461,539] ...Nc5 is the strong threat.} 13. Na2 Nc5 14.
Nxb4 axb4) {[%tqu "En","","","","c3a2","",10]} 13. Ne1 {[%eval -89,23] [%wdl 0,
601,399] [%emt 0:04:47]} (13. Na2 $1 $11 {[%eval -27,28] [%wdl 1,975,24] keeps
the balance.}) 13... Qb6 {[%eval -55,28] [%wdl 0,902,98] [%emt 0:00:34]} (13...
f5 $17 {[%eval -89,23] [%wdl 0,601,399]} 14. Qd1 f4) 14. Ba3 {[%emt 0:01:08]}
Bh6 {[%eval -33,31] [%wdl 1,968,31] [%emt 0:01:17]} (14... f5 $17 {[%eval -82,
22] [%wdl 0,688,312]} 15. Kh1 Nf6) 15. Qb2 {[%eval -98,27] [%wdl 0,485,515] 
[%emt 0:00:56]} ({White should play} 15. Qd1 $15 {[%eval -33,31] [%wdl 1,968,
31]}) 15... Be6 {[%emt 0:03:10]} 16. Bxb4 {[%eval -119,30] [%wdl 0,239,761] 
[%emt 0:01:13]} (16. d3 $142 {[%eval -76,30] [%wdl 0,754,246]}) 16... Qxb4 {
[%emt 0:00:50]} 17. Nc2 {[%emt 0:00:15]} Qb6 {[%emt 0:01:00][%cal Oe6c4]} 18.
Rab1 {[%emt 0:00:33]} Bxd2 {[%emt 0:02:18]} 19. Rfd1 {[%emt 0:00:53]} Bxc3 {
[%eval -111,27] [%wdl 0,325,675] [%emt 0:00:30]} (19... Bg5 $142 {[%eval -150,
29] [%wdl 0,54,946]} 20. Rxd6 Be7) 20. Qxc3 $17 {[%emt 0:00:03]} Rbd8 {[%emt 0:
00:25]} 21. b4 {[%emt 0:09:34]} axb4 {[%emt 0:02:51]} 22. Rxb4 {[%emt 0:00:25]}
Qa7 {[%emt 0:02:19]} 23. Rdb1 {[%emt 0:01:09]} Bc8 {[%emt 0:00:21]} 24. Ne1 {
[%emt 0:01:56]} Nf6 {[%emt 0:03:04]} 25. Nd3 {[%emt 0:00:18]} Nd7 {[%eval -75,
30] [%wdl 0,783,217] [%emt 0:01:20] Prevents c5.} ({Better is} 25... Rfe8 {
[%eval -112,25] [%wdl 0,324,676]} 26. c5 Qa5) 26. Ra1 {[%eval -120,26] [%wdl 0,
240,760] [%emt 0:06:05]} (26. Bh3 $142 {[%eval -75,30] [%wdl 0,783,217]}) 26...
Qa5 {[%emt 0:00:08]} 27. Qa3 {[%emt 0:04:42]} Nf6 {[%eval -98,30] [%wdl 0,515,
485] [%emt 0:02:14]} (27... Nc5 $142 {[%eval -141,24] [%wdl 0,91,909] And now .
..Nxd3 would win.} 28. Rbb1 f6) 28. Qb2 {[%eval -129,28] [%wdl 0,163,837] 
[%emt 0:01:27]} (28. h4 $142 {[%eval -98,30] [%wdl 0,515,485]}) 28... Rfe8 {
[%emt 0:00:22]} 29. Nc1 $2 {[%eval -287,30] [%wdl 0,0,1000] [%emt 0:02:54]} (
29. Rb3 $17 {[%eval -122,29] [%wdl 0,220,780]}) 29... c5 {[%emt 0:02:08]} 30.
Rb5 {[%emt 0:00:53]} Qe1+ {[%emt 0:00:10]} 31. Bf1 {[%emt 0:00:14] [#] aiming
for Ne2.} Qxe4 {[%emt 0:01:17]} ({Not} 31... Nxe4 32. Nb3 Qc3 33. Na5 $17) (
31... Bh3 $2 {[%tqu "En","","","","c1e2","",10]} 32. Ne2 $1 Qxa1 33. Qxa1 $18)
32. Rb1 $2 {[%eval -427,23] [%wdl 0,0,1000] [%emt 0:06:53]} (32. Nb3 {[%eval
-188,29] [%wdl 0,8,992]}) 32... Qd4 {[%eval -247,28] [%wdl 0,0,1000] [%emt 0:
00:50]} (32... Bd7 $142 {[%eval -427,23] [%wdl 0,0,1000]} 33. Rb3 Bc6) 33. Qa3
{[%eval -376,27] [%wdl 0,0,1000] [%emt 0:02:44]} (33. Nb3 {[%eval -247,28] 
[%wdl 0,0,1000] keeps fighting.} Qg4 34. Na5) 33... e4 {[%emt 0:00:34] Hoping
for ...e3.} 34. Nb3 {[%emt 0:00:26]} Qe5 {[%emt 0:01:10] Threatens to win with
...e3.} 35. Be2 $2 {[%eval -528,24] [%wdl 0,0,1000] [%emt 0:02:07]} (35. Qa1 {
[%eval -319,30] [%wdl 0,0,1000]}) 35... Re7 {[%emt 0:01:04]} 36. Na5 {[%emt 0:
00:52]} Rdd7 {[%emt 0:00:31]} 37. Qe3 {[%emt 0:02:52]} Rc7 {[%emt 0:01:36]} 38.
Nb3 {[%emt 0:00:32]} Bg4 {[%emt 0:00:56]} 39. Na5 {[%emt 0:01:02]} Bxe2 {
[%emt 0:00:34]} 40. Qxe2 {[%emt 0:00:02]} e3 {[%emt 0:02:03]} 41. f4 {[%eval
-443,23] [%wdl 0,0,1000] [%emt 0:00:02]} (41. Qxe3 {[%eval -247,29] [%wdl 0,0,
1000]} Qh5 42. Qf4) 41... Qe4 $19 {[%emt 0:00:59]} 42. Nxb7 {[%emt 0:00:25]}
Rxb7 {[%emt 0:02:13]} 43. Rxb7 {[%emt 0:00:47]} Rxb7 {[%emt 0:00:09]} 44. Rb5 {
[%emt 0:00:02]} Rc7 {[%emt 0:00:17]} 45. h3 {[%emt 0:00:57]} d5 {[%emt 0:00:14]
} 46. cxd5 {[%emt 0:00:54]} Nxd5 {[%emt 0:01:15]} 47. Qb2 {[%emt 0:00:06] [#]
Intending Rb8+ and mate.} f6 {[%emt 0:00:27]} 48. Qg2 {[%emt 0:02:44]} Qd4 {
[%emt 0:00:26]} 49. Rb8+ {[%emt 0:01:22]} Kg7 {[%emt 0:00:30] ( -> ...e2+)} 50.
Rd8 {[%emt 0:00:04]} e2+ {[%emt 0:00:27] Weighted Error Value: White=0.68/
Black=0.33} 0-1

[Event "I IRT Mem Mauricio Maghelly - ALEX 2023"]
[Site "Alex"]
[Date "2023.01.31"]
[Round "2.7"]
[White "Da Costa, Carlos Henrique Luz"]
[Black "Rial, Antonio Marcos Pino"]
[Result "0-1"]
[WhiteElo "1520"]
[BlackElo "1635"]
[PlyCount "74"]
[EventDate "2023.01.30"]

{[%evp 9,74,-14,1,-1,21,12,40,32,49,54,101,76,88,68,102,88,100,49,55,57,57,50,
85,49,55,54,54,-50,-17,-18,-19,-85,-80,-90,-83,-249,-244,-516,-295,-441,-446,
-511,-527,-521,-514,-492,-507,-494,-498,-478,-440,-428,-384,-432,-389,-374,
-344,-575,-565,-29972,-29973,-2809,-2809,-29997,-29998,-29998,-29999]} 1. d4 d6
2. Bg5 Nf6 3. Nd2 g6 4. Bxf6 exf6 5. e3 Nc6 6. c3 {A45: Trompowsky Attack.} a6
$146 ({Predecessor:} 6... Bf5 7. Ne2 Bg7 8. Ng3 Ne7 9. Nxf5 Nxf5 10. g3 O-O 11.
Bg2 Rb8 12. O-O Re8 {0-1 (30) Coulon,D (1701)-Lambruschini,A (1807) Tartu 2022}
) 7. a4 b6 8. Be2 {White is slightly better.} Bb7 9. Bf3 Qe7 {[%eval 101,27] 
[%wdl 561,439,0]} (9... Qc8 $14 {[%eval 54,28] [%wdl 100,900,0]}) 10. Ne2 Bg7
11. Qc2 Nd8 {[%eval 102,24] [%wdl 573,427,0]} (11... O-O $14 {[%eval 68,31] 
[%wdl 180,820,0] is superior.}) 12. Bxb7 $16 Nxb7 13. Qe4 {[%eval 49,29] [%wdl
75,925,0]} (13. Nf4 $16 {[%eval 100,27] [%wdl 549,451,0]}) 13... Qxe4 $14 14.
Nxe4 d5 15. Nd2 O-O {[%eval 85,21] [%wdl 348,652,0]} (15... O-O-O $14 {[%eval
50,27] [%wdl 76,924,0]}) 16. O-O {[%eval 49,29] [%wdl 70,930,0]} (16. g4 $16 {
[%eval 85,21] [%wdl 348,652,0]}) 16... Nd6 17. Nf4 c6 18. c4 {[%eval -50,31] 
[%wdl 0,930,70]} (18. Rfc1 $14 {[%eval 54,31] [%wdl 89,911,0]}) 18... dxc4 {
[%eval -17,31] [%wdl 2,985,13]} (18... Nxc4 $15 {[%eval -50,31] [%wdl 0,930,70]
} 19. Rfd1 (19. Nxc4 dxc4 20. Rfc1 b5 $15) 19... Rfc8) 19. Rfc1 $11 b5 20. axb5
{[%eval -85,29] [%wdl 0,662,338]} (20. b3 $11 {[%eval -19,29] [%wdl 2,984,14]})
20... axb5 $17 {[%cal Ba6b5,Bb5b4][%mdl 32]} 21. Ne2 f5 {[%cal Oc6c5,Bf6f5,
Bf5f4][%mdl 32]} 22. Nc3 $2 {[%eval -249,23] [%wdl 0,0,1000] [#]} (22. b3 $17 {
[%eval -83,29] [%wdl 0,692,308]}) {[%tqu "En","","","","f5f4","",10]} 22... f4
$1 $19 23. Nde4 $2 {[%eval -516,23] [%wdl 0,0,1000]} (23. Nd1 {[%eval -244,28]
[%wdl 0,0,1000] was worth a try.}) 23... Nf5 {[%cal Bd6f5,Bf5d4,Bd4e2][%mdl 32]
} 24. exf4 {[%eval -441,24] [%wdl 0,0,1000]} (24. g4 $142 {[%eval -295,28] 
[%wdl 0,0,1000]} Nh6 25. Rxa8 Rxa8 26. g5) 24... Nxd4 25. Nc5 b4 26. N3a4 Ne2+
27. Kf1 Nxc1 28. Rxc1 c3 29. bxc3 bxc3 30. Nxc3 Rfe8 {...Bxc3 is the strong
threat.} 31. N3a4 Bd4 32. g3 Re7 33. Nb6 $2 {[%eval -575,25] [%wdl 0,0,1000] 
[#]} (33. Rc2 {[%eval -344,29] [%wdl 0,0,1000]}) 33... Ra2 34. Kg2 Rxf2+ 35.
Kh3 Ree2 36. Ncd7 Rxh2+ 37. Kg4 f5+ {Weighted Error Value: White=0.78/Black=0.
19 (very precise)} 0-1

[Event "I Mem Mauricio Maghelly - ALEX 2023"]
[Site "Rio de Janeiro"]
[Date "2023.02.04"]
[Round "3.4"]
[White "Figueiredo, Francisco Marques"]
[Black "Rial, Antonio Marcos Pino"]
[Result "1-0"]
[WhiteElo "1911"]
[BlackElo "1635"]
[Annotator "Stockfish 15.1"]
[PlyCount "47"]
[EventDate "2023.01.30"]
[EventCountry "BRA"]

{[%evp 0,47,30,37,51,51,72,13,13,4,4,4,15,-13,-13,-13,-13,-6,-6,-51,-51,-51,
-17,-17,-24,-34,4,5,17,-6,52,58,78,50,42,59,181,124,158,158,158,177,188,181,
209,207,458,485,1079,1079]} 1. e4 Nc6 2. d4 e5 3. Nf3 $6 {Inaccuracy. d5 was
best.} (3. d5 Nce7 4. Nf3 Ng6 5. h4 h5 6. Bg5 Nf6 7. a3 a6) 3... exd4 4. Nxd4
Nf6 5. Nxc6 bxc6 6. Nc3 Bb4 7. Bd2 $6 {Inaccuracy. Bd3 was best.} (7. Bd3 d5 8.
exd5 cxd5 9. O-O c6 10. Qf3 O-O 11. h3 Bd6) 7... O-O 8. Bd3 Re8 9. f3 $6 {
Inaccuracy. O-O was best.} (9. O-O d6 10. h3 a5 11. Re1 a4 12. b3 axb3 13. cxb3
h6 14. Na4 c5 15. a3 Bxd2) 9... d5 10. O-O dxe4 11. Nxe4 Nxe4 12. fxe4 Bc5+ 13.
Kh1 Be6 14. Qh5 Bf8 $6 {Inaccuracy. Bd4 was best.} (14... Bd4 15. Bg5) 15. Bc3
Qd7 16. Rf4 f6 $6 {Inaccuracy. c5 was best.} (16... c5 17. Raf1 c4 18. Be2 Rab8
19. Qh4 f6 20. Bh5 Red8 21. e5 f5 22. Be2 Be7 23. Qg3) 17. Raf1 Qf7 $6 {
Inaccuracy. c5 was best.} (17... c5 18. b3) 18. Qf3 Be7 19. e5 f5 20. Bxf5 Bxf5
21. Rxf5 Qd5 22. Qg4 g6 $2 {Mistake. Qe6 was best.} (22... Qe6 23. h4 Rad8 24.
Kh2 h6 25. h5 Kh7 26. Kh3 Bg5 27. R5f3 Rd5 28. Qxe6 Rxe6 29. Rd3) 23. e6 Qxe6
$2 {Mistake. Rf8 was best.} (23... Rf8 24. Rf7 Rxf7 25. exf7+ Kf8 26. Qf4 g5
27. Qg4 Qb5 28. Rf5 Rd8 29. Rxb5 cxb5 30. g3) 24. Qd4 1-0

[Event "I Mem Mauricio Maghelly - ALEX 2023"]
[Site "Rio de Janeiro"]
[Date "2023.02.04"]
[Round "3.1"]
[White "Dias, Matheus Braga"]
[Black "Rangel, Daniel"]
[Result "1/2-1/2"]
[WhiteElo "1885"]
[BlackElo "2220"]
[Annotator "Stockfish 15.1"]
[PlyCount "137"]
[EventDate "2023.01.30"]
[EventCountry "BRA"]

{[%evp 0,137,30,25,29,3,18,18,18,-10,18,4,4,4,4,4,4,-35,-35,-35,-35,-35,-35,
-49,-49,-49,-49,-83,-23,-77,-65,-65,-66,-66,-46,-76,-9,-9,-42,-56,-82,-94,-96,
-109,-67,-112,-10,-136,-52,-52,-48,-51,-46,-46,-41,-41,-26,-27,-11,-11,0,-49,
-1,-1,-5,0,0,0,0,1,1,0,0,0,0,-28,-16,-5,-5,-5,-5,-5,-2,-2,-1,-2,-1,-1,0,0,0,-1,
0,0,0,0,0,0,0,0,0,0,0,0,0,0,0,0,0,0,0,0,0,0,0,0,0,0,0,0,0,0,0,-2,0,0,0,0,0,0,0,
0,0,0,2,2,1,0,0,0]} 1. d4 Nf6 2. c4 e6 3. Nf3 d5 4. e3 a6 5. cxd5 exd5 6. Bd3
Bd6 7. Nc3 O-O 8. Ne5 c5 9. O-O Qe7 10. f4 Nc6 11. Bb1 $6 {Inaccuracy. Kh1 was
best.} (11. Kh1 Re8 12. a3 Bd7 13. Nxd7 Qxd7 14. g4 Nxg4 15. Nxd5 cxd4 16. e4
Rad8 17. Qf3 Ne7) 11... cxd4 12. exd4 Nxd4 13. Re1 Qc7 14. Kh1 Nf5 15. Nxd5
Nxd5 16. Qxd5 Be6 17. Qf3 Rfe8 $6 {Inaccuracy. Bb4 was best.} (17... Bb4 18.
Rf1 Rad8 19. Bxf5 Bxf5 20. Be3 Bd2 21. h3 Qc2 22. Bxd2 Rxd2 23. Rfc1 Qe4 24. b3
) 18. Bd2 Rad8 19. Bxf5 Bxf5 20. Bc3 $2 {Mistake. Rac1 was best.} (20. Rac1 Qb8
21. Nxf7 Kxf7 22. Qd5+ Kg6 23. g4 Bxg4 24. Qg5+ Kf7 25. Qxg4 Rxe1+ 26. Rxe1 Qc7
) 20... f6 21. Ng4 Qc6 22. Qg3 Bg6 $2 {Mistake. Kf8 was best.} (22... Kf8 23.
h3 Bc5 24. Qh4 Rxe1+ 25. Rxe1 Re8 26. a3 Re4 27. Qg3 Qe6 28. Bd2 Rxe1+ 29. Bxe1
) 23. h4 $2 {Mistake. Bxf6 was best.} (23. Bxf6 Rxe1+) 23... Qc4 $2 {Mistake.
Rxe1+ was best.} (23... Rxe1+) 24. Nxf6+ $2 {Mistake. h5 was best.} (24. h5
Bxf4 25. Qh4 Be4 26. Nxf6+ gxf6 27. Qxf6 Bxg2+ 28. Kg1 Qc5+ 29. Kxg2 Qd5+ 30.
Kf2 Qc5+) 24... gxf6 25. h5 Qxf4 $6 {Inaccuracy. Rxe1+ was best.} (25... Rxe1+
26. Rxe1) 26. Qxf4 Bxf4 27. hxg6 hxg6 28. Bxf6 Rc8 29. Bc3 Bg3 30. Red1 Be5 31.
Rd7 Bxc3 32. bxc3 Rxc3 33. Rxb7 Rce3 34. Kg1 Re2 35. a4 Re1+ 36. Rxe1 Rxe1+ 37.
Kh2 Re4 38. Rb6 Rxa4 39. Rxg6+ Kf7 40. Rb6 a5 41. Ra6 Ra2 42. Kg1 a4 43. g4
Ra1+ 44. Kg2 Ra2+ 45. Kg1 a3 46. g5 Ra1+ 47. Kg2 Ra2+ 48. Kg1 Kg7 49. Kh1 Ra1+
50. Kg2 Kh7 51. Kh2 Kg7 52. Kg2 Kf7 53. Kh2 Ke7 54. Kg2 Ra2+ 55. Kg1 Kf8 56.
Ra7 Kg8 57. g6 Ra1+ 58. Kg2 Kh8 59. Kh2 Ra2+ 60. Kg1 Kg8 61. Kh1 Kf8 62. Kg1
Ra1+ 63. Kg2 a2 64. Kh2 Kg8 65. Kg2 Rd1 66. Rxa2 Rd6 67. Kf3 Rxg6 68. Rg2 Rxg2
69. Kxg2 1/2-1/2

[Event "I Mem Mauricio Maghelly - ALEX 2023"]
[Site "Rio de Janeiro"]
[Date "2023.02.04"]
[Round "3.3"]
[White "Fernandes, Joao Manoel Strauss"]
[Black "Leite, Tarcisio Dantas Fro"]
[Result "1-0"]
[WhiteElo "1733"]
[BlackElo "1506"]
[Annotator "Stockfish 15.1"]
[PlyCount "95"]
[EventDate "2023.01.30"]
[EventCountry "BRA"]

{[%evp 0,95,30,37,51,55,95,82,116,62,70,26,68,60,49,33,119,79,109,107,127,145,
142,78,78,96,125,104,102,94,94,94,94,109,109,95,243,195,212,212,317,298,329,
218,227,226,222,151,151,141,119,93,209,220,381,381,504,425,960,1005,944,946,
955,955,961,913,928,928,928,932,988,937,955,957,1288,848,934,871,1237,1115,
1181,1167,1332,1435,1435,1135,1620,29986,29991,29992,29993,29992,29993,29462,
29993,29994,29995,29996]} 1. e4 c5 2. Nf3 d6 3. d4 cxd4 4. Nxd4 Nf6 5. Nc3 a6
6. h3 Bd7 7. g4 Qa5 $4 {Blunder. h6 was best.} (7... h6 8. Be3 Nc6 9. f4 g5 10.
fxg5 hxg5 11. Nf5 Rc8 12. Bg2) 8. Bg2 $2 {Mistake. Nb3 was best.} (8. Nb3 Qd8
9. g5 Ng8 10. Be3 e6 11. h4 Qc7 12. Bh3 Ne7) 8... Bc6 9. O-O e5 10. Nf5 Qc7 11.
Bg5 $6 {Inaccuracy. g5 was best.} (11. g5 Nfd7 12. Be3 g6 13. Nh6 Bxh6 14. gxh6
Rf8 15. f4 exf4 16. Bxf4 Ne5 17. Qd4 f6) 11... Nbd7 12. Qd2 Nc5 13. Bxf6 gxf6
14. a4 h5 15. b4 Ne6 16. b5 Bd7 17. Nd5 Qc5 $6 {Inaccuracy. Qd8 was best.} (
17... Qd8 18. gxh5 Nc5 19. Qe2 Bxf5 20. exf5 Bh6 21. b6 Rc8 22. Rfd1 O-O 23. a5
Kh8 24. Ra3) 18. Nxf6+ Kd8 19. Nxh5 a5 20. Rfd1 Kc7 21. Qd5 $2 {Mistake. Rab1
was best.} (21. Rab1 b6 22. Rb3 Nd4 23. Rd3 Rc8 24. Nxd4 exd4 25. c3 Kb8 26.
cxd4 Qc4 27. Nf6 Be6) 21... Qxd5 22. Rxd5 b6 23. Rad1 Nc5 24. Nxd6 Be6 25. R5d2
$4 {Blunder. Rxc5+ was best.} (25. Rxc5+ bxc5 26. Nf5 c4 27. Nf6 Kb6 28. Bf1
Bb4 29. Nd5+ Kc5 30. Nfe3 Rad8 31. Kg2 Bxd5) 25... Nxa4 $4 {Blunder. Rd8 was
best.} (25... Rd8) 26. Nxf7 Nc3 $6 {Inaccuracy. Bb4 was best.} (26... Bb4 27.
Ng7 Bxf7 28. Rd7+ Kb8 29. Rxf7 Ra7 30. Rxa7 Kxa7 31. Bf1 Kb8 32. g5 Be7 33. Ne6
) 27. Nxh8 Bh6 28. Rd6 Re8 $6 {Inaccuracy. Nxd1 was best.} (28... Nxd1 29. Rxe6
Rxh8 30. Nf6 Bg5 31. Nd5+ Kd7 32. Rxe5 Bh4 33. f4 Kd6 34. Bf3 Nf2 35. Kg2) 29.
Rc6+ Kb7 30. Rxc3 Rxh8 31. Rd6 Bc8 32. Rcc6 Bc1 33. Rxb6+ Ka7 34. Rbc6 Bb2 35.
b6+ Kb8 36. Nf6 Rf8 37. Nd5 Bd4 38. Rf6 Re8 39. Bf1 a4 40. Nc7 Rg8 41. Na6+ Ka8
$2 {Checkmate is now unavoidable. Bxa6 was best.} (41... Bxa6 42. Bxa6 a3 43.
Bc4 Rh8 44. g5 Rxh3 45. Rf8+ Kb7 46. Bd5 Rh4 47. Rcf6+ Ka6 48. b7+) 42. Rf7
Bxb6 43. Rxb6 Bxg4 44. hxg4 Rxg4+ 45. Kh2 Rh4+ 46. Kg3 Rh8 47. Rbb7 Rg8+ 48.
Kf3 1-0

[Event "I Mem Mauricio Maghelly - ALEX 2023"]
[Site "Rio de Janeiro"]
[Date "2023.02.04"]
[Round "3.2"]
[White "Mesquita, Arnaldo Leite"]
[Black "De Almeida, Roberto A. Ferreira"]
[Result "1-0"]
[WhiteElo "1760"]
[BlackElo "1708"]
[Annotator "Stockfish 15.1"]
[PlyCount "115"]
[EventDate "2023.01.30"]
[EventCountry "BRA"]

{[%evp 0,115,30,18,18,-21,24,23,25,3,28,15,4,2,27,4,11,3,4,9,0,7,19,6,24,1,1,7,
12,17,88,88,93,28,31,1,24,20,60,46,70,44,47,67,67,31,75,41,17,40,38,32,32,30,
30,30,32,31,89,-18,17,11,34,14,108,103,106,100,197,183,188,183,175,174,171,171,
181,185,195,132,140,53,46,57,43,22,135,136,136,159,159,159,159,199,205,204,198,
223,246,497,521,525,525,541,659,421,534,561,563,551,597,688,743,796,812,703,
784,812]} 1. Nf3 Nf6 2. g3 g6 3. Bg2 Bg7 4. c4 c5 5. Nc3 Nc6 6. O-O O-O 7. d3
d6 8. Rb1 Bg4 9. h3 Bd7 10. a3 $6 {Inaccuracy. Be3 was best.} (10. Be3) 10...
Ne8 11. Qc2 a5 12. Nb5 Nc7 13. Bd2 Ne6 14. e3 Ne5 $6 {Inaccuracy. Na7 was best.
} (14... Na7) 15. Nxe5 Bxe5 16. Bc3 $6 {Inaccuracy. Bxb7 was best.} (16. Bxb7
Rb8 17. Bd5 Ng7 18. h4 e6 19. Bg2 Bxb5 20. cxb5 Rxb5 21. Bc3 Bxc3 22. bxc3 Rxb1
) 16... Bxc3 17. Qxc3 $6 {Inaccuracy. Nxc3 was best.} (17. Nxc3 Bc6 18. h4 Qd7
19. Nd5 Bxd5 20. Bxd5 Nd8 21. Rfd1 a4 22. d4 Rc8 23. h5 Qf5) 17... Qb6 18. a4
Nd8 $6 {Inaccuracy. Bc6 was best.} (18... Bc6 19. f4) 19. d4 cxd4 20. Qxd4 $6 {
Inaccuracy. exd4 was best.} (20. exd4 Ne6 21. Rfe1 Bxb5 22. axb5 Rfe8 23. Rbd1
a4 24. h4 Ng7 25. g4 h5 26. gxh5 Nxh5) 20... Qxd4 21. exd4 Rc8 22. Rfc1 Nc6 23.
Re1 Rfe8 24. b3 b6 25. Bxc6 Rxc6 26. d5 Rcc8 27. Kg2 Bxb5 28. axb5 a4 29. Re4
axb3 30. Rxb3 Rc5 31. Ra3 e6 $2 {Mistake. f5 was best.} (31... f5 32. Rd4 Rec8
33. Ra4 Kf7 34. h4 R8c7 35. Kf3 e5 36. dxe6+ Kxe6 37. Ra6 Rxc4 38. Rxc4) 32.
Ra6 Kf8 $2 {Mistake. Rf8 was best.} (32... Rf8) 33. dxe6 d5 $4 {Blunder. Rxe6
was best.} (33... Rxe6) 34. e7+ Kg7 35. cxd5 Rxd5 36. Rxb6 Rd7 37. Rc6 Rexe7 $6
{Inaccuracy. f5 was best.} (37... f5) 38. Rxe7 Rxe7 39. Rc2 $6 {Inaccuracy.
Kf3 was best.} (39. Kf3 Re5 40. b6 f5 41. Rc7+ Kf6 42. Rxh7 Rb5 43. b7 Ke5 44.
Ke3 Rb3+ 45. Kd2 Ke4) 39... Rb7 40. Rb2 Kf6 41. Kf3 Ke5 42. b6 f5 $6 {
Inaccuracy. f6 was best.} (42... f6 43. h4) 43. Rb5+ Kf6 44. h4 h6 45. Rb2 Ke5
46. Ke3 g5 47. hxg5 hxg5 48. Rb5+ Kf6 49. Kd4 Ke6 50. Kc5 Kd7 51. Ra5 f4 52. g4
Rb8 53. Ra7+ Ke6 54. Kc6 Rc8+ 55. Rc7 Rb8 56. b7 Ke5 57. f3 Kd4 58. Re7 1-0

[Event "I Mem Mauricio Maghelly - ALEX 2023"]
[Site "Rio de Janeiro"]
[Date "2023.02.07"]
[Round "4.4"]
[White "De Almeida, Roberto A. Ferreira"]
[Black "De Souza, Vinicius Alcantara"]
[Result "0-1"]
[WhiteElo "1708"]
[BlackElo "1846"]
[Annotator "Stockfish 15.1"]
[PlyCount "104"]
[EventDate "2023.01.30"]
[EventCountry "BRA"]

{[%evp 0,104,31,41,42,55,43,28,46,-43,18,8,113,113,112,-5,3,2,-16,-8,17,10,6,0,
9,-44,16,2,19,25,25,54,60,36,116,153,93,85,85,85,97,59,78,33,17,-40,-57,-39,
-39,-55,-69,-104,-99,-107,-118,-124,-134,-197,-126,-265,-281,-256,-290,-304,
-299,-308,-311,-311,-324,-328,-340,-320,-352,-378,-377,-376,-370,-406,-406,
-429,-417,-462,-427,-465,-473,-473,-468,-473,-477,-476,-474,-584,-466,-479,
-478,-506,-476,-478,-476,-495,-471,-495,-476,-486,-484,-548,-532]} 1. e4 e6 2.
d4 d5 3. Nd2 c5 4. c3 Nc6 5. Ngf3 Qb6 $6 {Inaccuracy. cxd4 was best.} (5...
cxd4 6. cxd4 dxe4 7. Nxe4 Be7 8. Bd3 Nf6 9. O-O O-O 10. Bb1) 6. exd5 exd5 7.
Qb3 $6 {Inaccuracy. Qe2+ was best.} (7. Qe2+ Be7 8. dxc5 Qxc5 9. Nb3 Qd6 10.
Be3 Qc7 11. h3 Nf6) 7... Nf6 8. Qxb6 axb6 9. Bb5 Bd7 10. O-O Bd6 11. Re1+ Kf8
12. Nf1 h5 13. Bg5 Ne4 14. Bh4 f6 $2 {Mistake. cxd4 was best.} (14... cxd4) 15.
c4 $6 {Inaccuracy. Ne3 was best.} (15. Ne3 Be6 16. c4 Nxd4 17. Nxd4 cxd4 18.
Nxd5 Bxd5 19. cxd5 Nc5 20. Bg3 Bxg3 21. hxg3 Kf7) 15... Be6 $6 {Inaccuracy.
Be8 was best.} (15... Be8 16. Ne3 Nxd4 17. Nxd4 cxd4 18. Nxd5 Bxb5 19. cxb5 Nc5
20. Nxb6 Rd8 21. Bg3 h4 22. Bxd6+) 16. Ne3 Nxd4 17. Nxd4 cxd4 18. Nxd5 Bxd5 19.
cxd5 Nc5 20. a4 $6 {Inaccuracy. Bg3 was best.} (20. Bg3) 20... Rd8 $6 {
Inaccuracy. Kf7 was best.} (20... Kf7 21. Bg3 Rhd8 22. Rad1 d3 23. Bxd6 Rxd6
24. h4 Nxa4 25. Rxd3 Nc5 26. Rde3 Kg6 27. Be8+) 21. b4 $4 {Blunder. Bg3 was
best.} (21. Bg3 Bxg3) 21... Na6 22. Re6 $4 {Blunder. Bg3 was best.} (22. Bg3
Bxb4) 22... Nxb4 $4 {Blunder. Nc7 was best.} (22... Nc7 23. Rxd6 Rxd6 24. Bg3
Nxb5 25. axb5 Ke7 26. Re1+ Kd7 27. Bxd6 Kxd6 28. Kf1 Rb8 29. h4) 23. Rae1 Kf7
24. Bg3 Bxg3 25. fxg3 Nxd5 26. Bc4 Kg6 27. Bd3+ $6 {Inaccuracy. h3 was best.} (
27. h3 Rhf8) 27... Kh6 28. h4 Rhf8 29. Be4 $4 {Blunder. Rc1 was best.} (29. Rc1
Rf7) 29... Nc3 30. Bxb7 d3 31. Bf3 d2 32. Ra1 d1=Q+ 33. Bxd1 Rxd1+ 34. Rxd1
Nxd1 35. Rxb6 Ra8 36. Rb1 Nc3 37. Rb3 Nxa4 38. Ra3 Nb6 39. Rb3 Nc4 40. Rb4 Ne5
41. Rb1 Ng4 42. Re1 Ra3 43. Kf1 Rxg3 44. Re8 Kg6 45. Rh8 Re3 46. Rb8 Rc3 47.
Rb5 Rc1+ 48. Ke2 Rh1 49. g3 Ra1 50. Rb3 Ra4 51. Kf3 Ne5+ 52. Ke3 Ra3 0-1